Missing Word: Rhyming Character Names Quiz Stats

 Plays Quiz Updated Jun 24, 2019

Support Sporcle.
Go Orange.
Score 0/24 Timer 05:00
0 Plays Today
Character Missing Word/Name % Correct
______ DumptyHumpty
99.4%
Georgie ______Porgie
88%
___-I-AmSam
87.4%
Huey, Dewey & _____Louie
85.2%
Quick ____ McGrawDraw
84.7%
Fuzzy _____Wuzzy
80.8%
Tinky _____Winky
79.6%
Hickory & _______Dickory
79.3%
Heckle & ______Jeckle
76.1%
______ LooseyGoosey
75%
Rolie _____ OliePolie
73.7%
Cindy-Lou ___Who
70.2%
Character Missing Word/Name % Correct
_____ ApeGrape
63%
____ LoxyFoxy
62.9%
Henney _____Penny
62.5%
Betsy _____Wetsy
60.6%
Turkey ______Lurkey
54.8%
_______ GorillaMagilla
47.7%
____ MoodyJudy
40.6%
Augie ______Doggie
39.5%
_____ & DixiePixie
38.9%
______ MonkeyChunky
38.8%
______ & TerriSherri
28.1%
______ WillyChilly
26.8%

Today's Daily Dose

From the Vault

Words Ending in -erior

by Jeremy_Viele

This quiz just keeps getting eerier and eerier.
Remove Ads.
Support Sporcle.
Get the best of Sporcle when you Go Orange. This ad-free experience offers more features, more stats, and more fun while also helping to support Sporcle. Thank you for becoming a member.

Show Comments

Extras

Top Quizzes Today


Score Distribution

Your Account Isn't Verified!

In order to create a playlist on Sporcle, you need to verify the email address you used during registration. Go to your Sporcle Settings to finish the process.

Report this User

Report this user for behavior that violates our Community Guidelines.

Details: